Top Premier League Goalscorer by Country - Statistics

General Stats
  • This quiz has been taken 41 times
  • The average score is 13 of 20
Answer Stats
Country Goals scored Player % Correct
England 260 Alan Shearer
95%
France 175 Thierry Henry
92%
Portugal 103 Cristiano Ronaldo
89%
Cote d'Ivorie 104 Didier Drogba
89%
Argentina 184 Sergio Aguero
87%
Netherlands 144 Robin Van Persie
84%
Ireland 126 Robbie Keane
76%
Belgium 121* Romelu Lukaku
76%
Wales 109 Ryan Giggs
76%
Senegal 111 Sadio Mane
76%
Spain 85 Fernando Torres
74%
Denmark 53* Christian Eriksen
63%
Norway 91 Ole Gunnar Solskjaer
55%
Australia 92 Mark Viduka
47%
Jamaica 61* Michail Antonio
39%
Brazil 82 Roberto Firmino
34%
Germany 44 Ilkay Gundogan
26%
Italy 66 Paolo Di Canio
26%
Nigeria 95 Yakubu
24%
Scotland 68 Duncan Ferguson
18%
No matching quizzes found
Score Distribution
Percent of People with Each Score
Percentile by Number Answered
Your Score History
You have not taken this quiz